Happy Home (Record no. 89899)

MARC details
000 -LEADER
fixed length control field 00542nam a2200193Ia 4500
003 - CONTROL NUMBER IDENTIFIER
control field OSt
005 - DATE AND TIME OF LATEST TRANSACTION
control field 20250610100145.0
008 - FIXED-LENGTH DATA ELEMENTS--GENERAL INFORMATION
fixed length control field 210210b1986 xxu||||| |||| 00| 0 eng d
040 ## - CATALOGING SOURCE
Transcribing agency AL
041 ## - LANGUAGE CODE
Language code of text/sound track or separate title Kannada
082 ## - DEWEY DECIMAL CLASSIFICATION NUMBER
Classification number K894.3 PREH
100 ## - MAIN ENTRY--PERSONAL NAME
Personal name PREMALATA SUNDARESHAN
Dates associated with a name ಪ್ರೇಮಲತಾ ಸುಂದರೇಶನ್
9 (RLIN) 213840
245 ## - TITLE STATEMENT
Title Happy Home
Remainder of title ಹ್ಯಾಪಿ ಹೋಮ್
260 ## - PUBLICATION, DISTRIBUTION, ETC.
Place of publication, distribution, etc. Bengaluru
Name of publisher, distributor, etc. Prakasha Sahitya
Date of publication, distribution, etc. 1986
300 ## - PHYSICAL DESCRIPTION
Extent 184
690 ## - LOCAL SUBJECT ADDED ENTRY--TOPICAL TERM (OCLC, RLIN)
Topical term or geographic name as entry element Kannada Fiction
9 (RLIN) 213841
906 ## - LOCAL DATA ELEMENT F, LDF (RLIN)
a 040194
942 ## - ADDED ENTRY ELEMENTS (KOHA)
Source of classification or shelving scheme Dewey Decimal Classification
Koha item type Book
Holdings
Withdrawn status Lost status Source of classification or shelving scheme Damaged status Not for loan Collection code Home library Current library Shelving location Date acquired Cost, normal purchase price Total Checkouts Full call number Barcode Date last seen Date last checked out Price effective from Koha item type
    Dewey Decimal Classification     Kannada St Aloysius Library St Aloysius Library   02/17/2021 0.00 1 K894.3 PREH 040194 02/26/2026 02/17/2026 02/17/2021 Book